UBT Library

Managing natural resources with GIS / (Record no. 43096)

000 -LEADER
fixed length control field 00765cam a2200253 a 4500
001 - CONTROL NUMBER
control field 11947166
005 - DATE AND TIME OF LATEST TRANSACTION
control field 20180222032547.0
008 - FIXED-LENGTH DATA ELEMENTS--GENERAL INFORMATION
fixed length control field 000320s1998 cauab 000 0 eng d
010 ## - LIBRARY OF CONGRESS CONTROL NUMBER
LC control number 00265817
020 ## - INTERNATIONAL STANDARD BOOK NUMBER
International Standard Book Number 1879102536
035 ## - SYSTEM CONTROL NUMBER
System control number (OCoLC)ocm40310969
040 ## - CATALOGING SOURCE
Original cataloging agency CUY
Transcribing agency CUY
Modifying agency AGL
-- DLC
041 ## - LANGUAGE CODE
Language code of text/sound track or separate title eng
042 ## - AUTHENTICATION CODE
Authentication code lccopycat
080 ## - UNIVERSAL DECIMAL CLASSIFICATION NUMBER
Universal Decimal Classification number 333.7028553 LAN
082 00 - DEWEY DECIMAL CLASSIFICATION NUMBER
Classification number 333.7028553 LAN
Edition number 21
100 1# - Rafti
Rafti 9
101 ## - Shkurtesa
Shkurtesa MJE
245 10 - TITLE STATEMENT
Title Managing natural resources with GIS /
Statement of responsibility, etc Laura Lang.
246 1# - VARYING FORM OF TITLE
Display text Title on disc:
Title proper/short title ArcView GIS
906 ## - LOCAL DATA ELEMENT F, LDF (RLIN)
a 7
b cbc
c copycat
d 2
e ncip
f 19
g y-gencatlg
942 ## - ADDED ENTRY ELEMENTS (KOHA)
Source of classification or shelving scheme
Item type Books
Holdings
Withdrawn status Lost status Source of classification or shelving scheme Damaged status Not for loan Collection code Permanent location Current location Shelving location Date acquired Total Checkouts Full call number Barcode Date last seen Price effective from Koha item type
          Koleksioni i përgjithshem UBT - Lipjan UBT - Lipjan Koleksioni i përgjithshem 02/22/2018   333.7028553 LAN 002-2999948 02/22/2018 02/22/2018 Books
UBT Library © 2015-2024. All rights reserved University Education for Business and Technology